[Event "Hull 4NCL GM Norm Tournament"]
[Site "Canham Turner Centre"]
[Date "2022.10.12"]
[Round "1"]
[Board "2"]
[White "Wadsworth, Matthew J"]
[Black "Harvey, Marcus R"]
[Result "1/2-1/2"]
[WhiteElo "2467"]
[BlackElo "2463"]
[PlyCount "0"]
[EventDate "2022.10.12"]
[EventRounds "9"]
[EventCountry "ENG"]

1. Nf3 d5 2. c4 c6 3. g3 Bg4 4. Bg2 e6 5. Qb3 Qb6 6. d3 Nd7 7. Be3 Bc5 8. Bxc5 Qxb3
9. axb3 Bxf3 10. Bxf3 Nxc5 11. b4 Nb3 12. Ra4 Nd4 13. Bg2 Nf6 14. e3 Nf5 15. Nc3
O-O 16. b5 Nd7 17. cxd5 cxd5 18. Kd2 Nb6 19. Ra3 Nd6 20. Rha1 Nbc8 21. Ra4 Rd8 22.
Ke2 Kf8 23. f4 Rd7 24. e4 dxe4 25. dxe4 Ke7 26. e5 Nf5 27. Be4 Nd4+ 28. Ke3 Nb3 29.
R1a3 Nc5 30. Rd4 Nb6 31. Rxd7+ Kxd7 32. Kd4 Nxe4 33. Nxe4 Nc8 34. Nc5+ Kc7 35. Rc3
Kb6 36. Ne4 Ne7 37. Nd6 Rd8 38. Ke4 f6 39. g4 fxe5 40. fxe5 Rf8 41. Nc4+ Kc7 42.
Nd6+ Kb6 43. Nc4+ Kc7 44. Nd6+ Kb6  1/2-1/2

[Event "Hull 4NCL GM Norm Tournament"]
[Site "Canham Turner Centre"]
[Date "2022.10.12"]
[Round "1"]
[Board "3"]
[White "Nagy, Gabor"]
[Black "Turner, Matthew J"]
[Result "1/2-1/2"]
[WhiteElo "2488"]
[BlackElo "2461"]
[PlyCount "0"]
[EventDate "2022.10.12"]
[EventRounds "9"]
[EventCountry "ENG"]

1. c4 e6 2. Nc3 d5 3. d4 Nf6 4. cxd5 exd5 5. Bg5 c6 6. e3 Bf5 7. Nge2 Nbd7 8. Ng3
Bg6 9. Bd3 Be7 10. Nf5 Bxf5 11. Bxf5 g6 12. Bd3 Nh5  1/2-1/2

[Event "Hull 4NCL GM Norm Tournament"]
[Site "Canham Turner Centre"]
[Date "2022.10.12"]
[Round "1"]
[Board "4"]
[White "Jackson, James P"]
[Black "Royal, Shreyas"]
[Result "1/2-1/2"]
[WhiteElo "2408"]
[BlackElo "2431"]
[PlyCount "0"]
[EventDate "2022.10.12"]
[EventRounds "9"]
[EventCountry "ENG"]

1. e4 e5 2. Nf3 Nc6 3. Bc4 Bc5 4. c3 Nf6 5. d4 exd4 6. e5 d5 7. Bb5 Ne4 8. cxd4 Bb4+
9. Bd2 Be7 10. Nc3 O-O 11. O-O Bg4 12. Be3 f6 13. exf6 Bxf6 14. Be2 Kh8 15. h3 Bh5
16. Rc1 Qd6 17. Nh2 Nxc3 18. bxc3 Bxe2 19. Qxe2 Rae8 20. Qd3 Na5 21. Rce1 Nc4 22.
Ng4 Bh4 23. Re2 c6 24. Bc1 Bd8 25. f4 Bb6 26. Kh1 Rxe2 27. Qxe2 c5 28. Qd3 cxd4 29.
cxd4 Qe6 30. Ne5 Qf5 31. Qxf5 Rxf5 32. Rd1 Rf8 33. g4 Rc8 34. Nd7 Re8 35. Ne5 Rc8
36. Nd7 Re8 37. Ne5 Rc8  1/2-1/2

[Event "Hull 4NCL GM Norm Tournament"]
[Site "Canham Turner Centre"]
[Date "2022.10.12"]
[Round "1"]
[Board "5"]
[White "Czopor, Maciej"]
[Black "Burg, Twan"]
[Result "1/2-1/2"]
[WhiteElo "2424"]
[BlackElo "2511"]
[PlyCount "0"]
[EventDate "2022.10.12"]
[EventRounds "9"]
[EventCountry "ENG"]

1. e4 e5 2. Nf3 Nf6 3. d4 Nxe4 4. dxe5 d5 5. Nbd2 Nxd2 6. Bxd2 c5 7. Bd3 Nc6 8. O-O
c4 9. Be2 Bc5 10. b3 cxb3 11. axb3 Bf5 12. c3 O-O 13. b4 Bb6 14. b5 Na5 15. Nd4 Qd7
16. Bf3 Bxd4 17. cxd4 Nc4 18. Bb4 Rfe8 19. Qa4 Nb6 20. Qb3 Qxb5 21. Ra5 Qd7  1/2-1/2

[Event "Hull 4NCL GM Norm Tournament"]
[Site "Canham Turner Centre"]
[Date "2022.10.13"]
[Round "2"]
[Board "1"]
[White "Sarakauskas, Gediminas"]
[Black "Burg, Twan"]
[Result "0-1"]
[WhiteElo "2395"]
[BlackElo "2511"]
[PlyCount "0"]
[EventDate "2022.10.12"]
[EventRounds "9"]
[EventCountry "ENG"]

1. e4 c5 2. Nf3 d6 3. Bb5+ Bd7 4. Bxd7+ Nxd7 5. O-O e6 6. d4 cxd4 7. Qxd4 Ngf6 8.
Nc3 a6 9. Bg5 Be7 10. e5 dxe5 11. Nxe5 Nxe5 12. Qxe5 Rc8 13. Rad1 Qc7 14. Qe2 O-O
15. Rd2 Qa5 16. Bh4 b5 17. a3 b4 18. axb4 Qxb4 19. Bxf6 Bxf6 20. Qxa6 Qxb2 21. Ne4
Rxc2 22. Nxf6+ gxf6 23. Rxc2 Qxc2 24. Qa1 Qf5 25. Qb1 Qxb1 26. Rxb1 Kg7 27. Rb3 h5
28. g3 Kg6 29. Kg2 Ra8 30. Rb4 e5 31. Rb5 h4 32. Rb4 hxg3 33. hxg3 Ra3 34. Rg4+ Kf5
35. Rg8 Ke4 36. Rb8 Ra7 37. Rb4+ Kf5 38. Kf3 Ra3+ 39. Kg2 Kg5 40. Rb7 Kg6 41. Rb5
Ra1 42. Rb4 f5 43. Rb6+ f6 44. Rb8 Ra4 45. Rg8+ Kf7 46. Rb8 f4 47. gxf4 Rxf4 48.
Kf1 Kg6 49. Kg2 e4 50. Kg3 Kg5 51. Rg8+ Kf5 52. Rg7 Rf3+ 53. Kg2 Kf4 54. Rh7 f5 55.
Rh4+ Ke5 56. Rh8 Rc3 57. Re8+ Kf4 58. Rh8 Rc2 59. Kf1 Ra2 60. Rh7 Ra6 61. Rh8 Ke5
62. Rh5 Ra2 63. Rh8 f4 64. Kg1 Ra1+ 65. Kh2 e3 66. fxe3 fxe3 67. Kg2 Ke4 68. Re8+
Kd3 69. Rd8+ Ke2 70. Rb8 Ke1 71. Rb2 e2 72. Kf3 Ra3+ 73. Kg2 Re3  0-1

[Event "Hull 4NCL GM Norm Tournament"]
[Site "Canham Turner Centre"]
[Date "2022.10.13"]
[Round "2"]
[Board "2"]
[White "Royal, Shreyas"]
[Black "Czopor, Maciej"]
[Result "1/2-1/2"]
[WhiteElo "2431"]
[BlackElo "2424"]
[PlyCount "0"]
[EventDate "2022.10.12"]
[EventRounds "9"]
[EventCountry "ENG"]

1. d4 Nf6 2. c4 e6 3. Nf3 d5 4. g3 dxc4 5. Bg2 c6 6. Ne5 Bb4+ 7. Nc3 Nd5 8. O-O Nxc3
9. bxc3 Bxc3 10. Ba3 Qxd4 11. Qxd4 Bxd4 12. Nxc4 Bxa1 13. Rxa1 f6 14. Nd6+ Kd7 15.
Rd1 Kc7 16. Nf7 Re8 17. Bd6+ Kd7 18. Ba3+ Kc7 19. Bd6+ Kd7 20. Ba3+  1/2-1/2

[Event "Hull 4NCL GM Norm Tournament"]
[Site "Canham Turner Centre"]
[Date "2022.10.13"]
[Round "2"]
[Board "3"]
[White "Turner, Matthew J"]
[Black "Jackson, James P"]
[Result "1/2-1/2"]
[WhiteElo "2461"]
[BlackElo "2408"]
[PlyCount "0"]
[EventDate "2022.10.12"]
[EventRounds "9"]
[EventCountry "ENG"]

1. e4 e5 2. Nf3 Nc6 3. Nc3 Nf6 4. Bb5 Bb4 5. O-O O-O 6. d3 Bxc3 7. bxc3 d6 8. Re1
a6 9. Bxc6 bxc6 10. d4 Nd7 11. Qd3 a5 12. dxe5 Nxe5 13. Nxe5  1/2-1/2

[Event "Hull 4NCL GM Norm Tournament"]
[Site "Canham Turner Centre"]
[Date "2022.10.13"]
[Round "2"]
[Board "4"]
[White "Harvey, Marcus R"]
[Black "Nagy, Gabor"]
[Result "1/2-1/2"]
[WhiteElo "2463"]
[BlackElo "2488"]
[PlyCount "0"]
[EventDate "2022.10.12"]
[EventRounds "9"]
[EventCountry "ENG"]

1. c4 Nf6 2. Nf3 e6 3. b3 b6 4. g3 Bb7 5. Bg2 Be7 6. Bb2 O-O 7. O-O d5 8. cxd5 Nxd5
9. d4 Nd7 10. Nbd2 c5 11. Rc1 Rc8 12. a3 cxd4 13. Nxd4 Rxc1 14. Qxc1 Qa8 15. Qa1
Rc8 16. Rc1 Nc5 17. N4f3 Nf6 18. b4 Nce4 19. Rxc8+ Qxc8 20. Nxe4 Bxe4 21. Qd1 Qb7
22. Qd4 h6 23. Ne1 Bxg2 24. Nxg2 Qc6 25. Ne3 a5 26. bxa5 bxa5 27. a4 Qe4 28. Bc3
Qxd4 29. Bxd4 Ne4 30. Nc4 Bc5 31. Bxc5 Nxc5 32. Nxa5 Nxa4 33. Nc6 Nc3  1/2-1/2

[Event "Hull 4NCL GM Norm Tournament"]
[Site "Canham Turner Centre"]
[Date "2022.10.13"]
[Round "2"]
[Board "5"]
[White "Willow, Jonah B"]
[Black "Wadsworth, Matthew J"]
[Result "1/2-1/2"]
[WhiteElo "2395"]
[BlackElo "2467"]
[PlyCount "0"]
[EventDate "2022.10.12"]
[EventRounds "9"]
[EventCountry "ENG"]

1. e4 e6 2. d4 d5 3. Nc3 Bb4 4. Nge2 Nc6 5. a3 Ba5 6. b4 Bb6 7. e5 f6 8. Na4 fxe5
9. dxe5 Nge7 10. Bb2 O-O 11. Nxb6 cxb6 12. Qd2 b5 13. Nd4 Nxd4 14. Bxd4 Bd7 15. Bd3
b6 16. f4 Nf5 17. Bf2 d4 18. Be4 Rc8 19. g4 Ne3 20. Bxe3 dxe3 21. Qxe3 Bc6 22. O-O
Bxe4 23. Qxe4 Rc4 24. Qe3 Rxc2 25. Rad1 Qa8 26. Rf3 Rd8 27. Rd6 Rxd6 28. exd6 Qd5
29. Qd3 Rc6 30. Qxd5 exd5 31. Rc3 Rxd6 32. Rc8+ Kf7 33. Rc7+ Kf8 34. Rxa7 d4 35.
Kf2 d3 36. Ke1 Rh6 37. Rb7 Rxh2 38. Rxb6 Ra2 39. Rxb5 Rxa3 40. Kd2 Rb3 41. Rb7 h6
42. Rb8+ Kf7 43. Rb7+ Kg6 44. Rb6+ Kf7 45. Rb7+ Kg6 46. Rb6+  1/2-1/2

[Event "Hull 4NCL GM Norm Tournament"]
[Site "Canham Turner Centre"]
[Date "2022.10.13"]
[Round "3"]
[Board "2"]
[White "Nagy, Gabor"]
[Black "Willow, Jonah B"]
[Result "1/2-1/2"]
[WhiteElo "2488"]
[BlackElo "2395"]
[PlyCount "0"]
[EventDate "2022.10.12"]
[EventRounds "9"]
[EventCountry "ENG"]

1. c4 e5 2. Nc3 Nc6 3. Nf3 f5 4. g3 Nf6 5. d4 e4 6. Nh4 Bb4 7. Bg5 d6 8. Rc1 O-O
9. e3 h6 10. Bxf6 Qxf6 11. Ng2 Ne7 12. h4 Bxc3+ 13. Rxc3 c5 14. h5 cxd4 15. Qxd4
Qxd4 16. exd4 Nc6 17. d5 Ne5 18. Be2 Bd7 19. Nf4 Rfc8 20. Kd2 Kf7 21. Rhc1 b6 22.
Ke3 a5 23. b3 Kf6 24. a3 Be8 25. Kd4 Bf7 26. Rg1 Kg5 27. Nh3+ Kf6 28. Nf4 Kg5 29.
a4 Re8 30. Nh3+ Kf6 31. Nf4 Kg5 32. Re3 Ra7 33. Nh3+  1/2-1/2

[Event "Hull 4NCL GM Norm Tournament"]
[Site "Canham Turner Centre"]
[Date "2022.10.13"]
[Round "3"]
[Board "3"]
[White "Jackson, James P"]
[Black "Harvey, Marcus R"]
[Result "1-0"]
[WhiteElo "2408"]
[BlackElo "2463"]
[PlyCount "0"]
[EventDate "2022.10.12"]
[EventRounds "9"]
[EventCountry "ENG"]

1. e4 c6 2. d4 d5 3. e5 Bf5 4. Nf3 e6 5. Be2 c5 6. Be3 cxd4 7. Nxd4 Ne7 8. O-O Nbc6
9. Bb5 a6 10. Bxc6+ bxc6 11. c4 Qd7 12. Nc3 dxc4 13. Na4 Nd5 14. Nxf5 exf5 15. Rc1
c3 16. Qc2 Be7 17. Nxc3 O-O 18. Nxd5 Qxd5 19. Qxf5 Qxa2 20. Qd7 Rfe8 21. Rxc6 Qxb2
22. e6 Qa2 23. Rfc1 a5 24. Rc8  1-0

[Event "Hull 4NCL GM Norm Tournament"]
[Site "Canham Turner Centre"]
[Date "2022.10.13"]
[Round "3"]
[Board "4"]
[White "Czopor, Maciej"]
[Black "Turner, Matthew J"]
[Result "1/2-1/2"]
[WhiteElo "2424"]
[BlackElo "2461"]
[PlyCount "0"]
[EventDate "2022.10.12"]
[EventRounds "9"]
[EventCountry "ENG"]

1. e4 e5 2. Nf3 Nc6 3. d4 exd4 4. Nxd4 d6 5. Nc3 Nf6 6. Be2 Be7 7. Be3 O-O 8. Qd2
Ng4 9. Bxg4 Bxg4 10. f3 Nxd4 11. Qxd4 Bh4+ 12. Bf2 Be6 13. O-O-O Bf6 14. Qd3 Be5
15. Kb1 c6 16. Bd4 Qa5 17. Qe3 Bxd4 18. Rxd4 b5 19. b3 Qa3 20. Rhd1 a5 21. Qc1 Qc5
22. Qd2 h6 23. f4 Bg4 24. Re1 Rfe8 25. h3 Be6 26. Rd1 f6 27. Rxd6 a4 28. Qd4 Qa3
29. Rxe6 Rxe6 30. b4 Rd6 31. Qxd6 Qxc3 32. a3 Re8 33. Qd3 Qxd3 34. cxd3 f5 35. e5
g5 36. d4 gxf4 37. Rf1 Kf7 38. Rxf4 Ke6 39. Kc2 h5 40. g4 hxg4 41. hxg4 fxg4 42.
Rf6+ Kd7 43. Rd6+ Ke7 44. Rg6 Rh8 45. Rxg4 Ke6 46. Rg6+ Kd5 47. Rd6+ Kc4 48. Rxc6+
Kxd4 49. e6 Rh2+ 50. Kd1 Rh3 51. e7 Re3 52. Rc7 Kd3 53. Rb7 Kc3 54. Rc7+ Kd3 55.
Rb7 Kc3 56. Rc7+  1/2-1/2

[Event "Hull 4NCL GM Norm Tournament"]
[Site "Canham Turner Centre"]
[Date "2022.10.13"]
[Round "3"]
[Board "5"]
[White "Burg, Twan"]
[Black "Royal, Shreyas"]
[Result "1/2-1/2"]
[WhiteElo "2511"]
[BlackElo "2431"]
[PlyCount "0"]
[EventDate "2022.10.12"]
[EventRounds "9"]
[EventCountry "ENG"]

1. e4 e5 2. Nf3 Nc6 3. Bb5 a6 4. Ba4 Nf6 5. O-O b5 6. Bb3 Bc5 7. c3 d6 8. d4 Bb6
9. a4 Rb8 10. axb5 axb5 11. Qd3 O-O 12. Bg5 exd4 13. cxd4 h6 14. Bf4 Bg4 15. Nbd2
d5 16. e5 Ne4 17. Be3 Bf5 18. Qe2 Bg4 19. Qd3 Bf5 20. Qe2 Bg4  1/2-1/2

[Event "Hull 4NCL GM Norm Tournament"]
[Site "Canham Turner Centre"]
[Date "2022.10.14"]
[Round "4"]
[Board "1"]
[White "Sarakauskas, Gediminas"]
[Black "Royal, Shreyas"]
[Result "1/2-1/2"]
[WhiteElo "2395"]
[BlackElo "2431"]
[PlyCount "0"]
[EventDate "2022.10.12"]
[EventRounds "9"]
[EventCountry "ENG"]

1. e4 e5 2. Nf3 Nc6 3. Bc4 Bc5 4. O-O Nf6 5. d4 Bxd4 6. Nxd4 Nxd4 7. f4 d6 8. fxe5
dxe5 9. Bg5 Qe7 10. Na3 Bd7 11. c3 Ne6 12. Bxf6 gxf6 13. Qf3 Nf4 14. g3 Nh3+ 15.
Kh1 Ng5 16. Qxf6 Qxf6 17. Rxf6 Nxe4 18. Rxf7 Bc6 19. Rxc7 Ng5+ 20. Kg1 Rf8 21. h4
Nf3+ 22. Kf2 Nxh4+ 23. Ke2 Nf5 24. Rxh7 Nxg3+ 25. Ke1 O-O-O 26. Rd1 Rxd1+ 27. Kxd1
Rf2 28. Be6+ Kd8 29. Nc4 Bf3+ 30. Kc1 Ne2+ 31. Kd2 Nd4+ 32. Kd3 Be2+ 33. Ke3 Rf3+
34. Kd2 Rd3+ 35. Ke1 Rd1+  1/2-1/2

[Event "Hull 4NCL GM Norm Tournament"]
[Site "Canham Turner Centre"]
[Date "2022.10.14"]
[Round "4"]
[Board "2"]
[White "Turner, Matthew J"]
[Black "Burg, Twan"]
[Result "1/2-1/2"]
[WhiteElo "2461"]
[BlackElo "2511"]
[PlyCount "0"]
[EventDate "2022.10.12"]
[EventRounds "9"]
[EventCountry "ENG"]

1. Nf3 d5 2. g3 g6 3. Bg2 Bg7 4. O-O e5 5. d3 Ne7 6. e4 O-O 7. exd5 Nxd5 8. Bg5 f6
9. Bd2 c5 10. a3 Nc6 11. c4 Nc7 12. Be3 Qe7 13. Nc3 b6 14. b4 cxb4 15. Nd5 Nxd5 16.
cxd5 Na5 17. axb4 Qxb4 18. Bd2 Qb5 19. Bxa5 bxa5 20. Nd2 Bd7 21. d6 Rab8 22. Qf3
Be6 23. Nc4 a4 24. Qc6 Qxc6 25. Bxc6 Rfd8 26. Rxa4 Bf8 27. Rxa7 Bxd6 28. Nxd6 Rxd6
29. Be4 f5 30. Bg2 Rxd3 31. Re7 Rd6 32. Rc1 Rf8 33. Re1 Rf7 34. Re8+ Kg7 35. Rxe5
Rd1+ 36. Bf1 Bc4 37. Re1 Rxe1 38. Rxe1 Bxf1 39. Kxf1  1/2-1/2

[Event "Hull 4NCL GM Norm Tournament"]
[Site "Canham Turner Centre"]
[Date "2022.10.14"]
[Round "4"]
[Board "3"]
[White "Harvey, Marcus R"]
[Black "Czopor, Maciej"]
[Result "1-0"]
[WhiteElo "2463"]
[BlackElo "2424"]
[PlyCount "0"]
[EventDate "2022.10.12"]
[EventRounds "9"]
[EventCountry "ENG"]

1. d4 Nf6 2. c4 e6 3. Nc3 d5 4. cxd5 exd5 5. Bg5 c6 6. e3 Bd6 7. Bd3 O-O 8. Nf3 h6
9. Bh4 Be6 10. O-O Nbd7 11. Rc1 Re8 12. Bb1 Qb8 13. Qc2 Bg4 14. Bg3 Bxg3 15. hxg3
Qd6 16. Nd2 g6 17. Qb3 Rab8 18. Rfe1 h5 19. Na4 Kg7 20. Qc3 Re7 21. Nc5 Nxc5 22.
Qxc5 Qxc5 23. Rxc5 Ne8 24. b4 Nd6 25. Rec1 Bd7 26. a4 Nc4 27. Nxc4 b6 28. Nxb6 Rxb6
29. b5 cxb5 30. axb5 Rxb5 31. Ba2 Rb2 32. Bxd5 Bb5 33. Rc7 Kf6 34. e4 Rd7 35. Rxd7
Bxd7 36. Rc7 Rb1+ 37. Kh2 Be6 38. e5+ Kf5 39. Bf3 Rb2 40. d5 Kxe5 41. dxe6 Kxe6 42.
Bd1 Rxf2 43. Bb3+ Ke5 44. Re7+ Kd6 45. Rxa7 f6 46. Bf7 g5 47. Bxh5 f5 48. Ra5 Ke6
49. Kg1 Rb2 50. g4 Rb1+ 51. Kh2 fxg4 52. Rxg5 Kf6 53. Rxg4 Rb5 54. Bg6  1-0

[Event "Hull 4NCL GM Norm Tournament"]
[Site "Canham Turner Centre"]
[Date "2022.10.14"]
[Round "4"]
[Board "4"]
[White "Willow, Jonah B"]
[Black "Jackson, James P"]
[Result "1/2-1/2"]
[WhiteElo "2395"]
[BlackElo "2408"]
[PlyCount "0"]
[EventDate "2022.10.12"]
[EventRounds "9"]
[EventCountry "ENG"]

1. e4 e5 2. Nf3 Nc6 3. d4 exd4 4. Nxd4 Nf6 5. Nxc6 bxc6 6. e5 Qe7 7. Qe2 Nd5 8. h4
a5 9. c4 Nb6 10. h5 h6 11. Nd2 a4 12. Qe4 Ra5 13. f4 d5 14. exd6 cxd6 15. Be2 d5
16. cxd5 Nxd5 17. O-O Qxe4 18. Nxe4 Bc5+ 19. Kh2 O-O 20. Bd2 Bb4 21. Bxb4 Nxb4 22.
Rfc1 Re8 23. Bf3 Nd3 24. Nd6 Nxc1 25. Nxe8 Rc5 26. Nd6 Be6 27. Ne4 Rc4 28. Nd6 Rc5
29. Ne4 Rc4 30. Nd6  1/2-1/2

[Event "Hull 4NCL GM Norm Tournament"]
[Site "Canham Turner Centre"]
[Date "2022.10.14"]
[Round "4"]
[Board "5"]
[White "Wadsworth, Matthew J"]
[Black "Nagy, Gabor"]
[Result "1/2-1/2"]
[WhiteElo "2467"]
[BlackElo "2488"]
[PlyCount "0"]
[EventDate "2022.10.12"]
[EventRounds "9"]
[EventCountry "ENG"]

1. Nf3 d5 2. g3 Nf6 3. Bg2 g6 4. c4 Bg7 5. O-O c5 6. cxd5 Nxd5 7. Nc3 O-O 8. Nxd5
Qxd5 9. d3 Nc6 10. Be3 Bxb2 11. Rb1 Bf6 12. Qa4 Qd7 13. Rfd1 b6 14. Nd2 Bb7  1/2-1/2

[Event "Hull 4NCL GM Norm Tournament"]
[Site "Canham Turner Centre"]
[Date "2022.10.14"]
[Round "5"]
[Board "1"]
[White "Nagy, Gabor"]
[Black "Sarakauskas, Gediminas"]
[Result "1-0"]
[WhiteElo "2488"]
[BlackElo "2395"]
[PlyCount "0"]
[EventDate "2022.10.12"]
[EventRounds "9"]
[EventCountry "ENG"]

1. Nf3 Nf6 2. c4 e6 3. Nc3 d5 4. d4 dxc4 5. Qa4+ Nbd7 6. e4 Be7 7. Bxc4 O-O 8. Qc2
c5 9. dxc5 Bxc5 10. O-O Qc7 11. Qe2 a6 12. e5 Ng4 13. Bf4 b5 14. Bd3 Bb7 15. Bxh7+
Kxh7 16. Ng5+ Kg8 17. Qxg4 Be7 18. Rfe1 b4 19. Nce4 Nxe5 20. Qg3 Bxg5 21. Bxe5  1-0

[Event "Hull 4NCL GM Norm Tournament"]
[Site "Canham Turner Centre"]
[Date "2022.10.14"]
[Round "5"]
[Board "2"]
[White "Jackson, James P"]
[Black "Wadsworth, Matthew J"]
[Result "1/2-1/2"]
[WhiteElo "2408"]
[BlackElo "2467"]
[PlyCount "0"]
[EventDate "2022.10.12"]
[EventRounds "9"]
[EventCountry "ENG"]

1. e4 e6 2. d4 d5 3. e5 c5 4. c3 Qb6 5. Nf3 Nc6 6. Bd3 cxd4 7. O-O Bd7 8. Re1 Nge7
9. h4 h6 10. h5 Rc8 11. a3 Nf5 12. b4 Be7 13. Bb2 a6 14. Nbd2 dxc3 15. Bxc3 Ncd4
16. Rc1 Nxf3+ 17. Nxf3 Nh4 18. Bd2 Rxc1 19. Bxc1 Nxf3+ 20. Qxf3 Qd4 21. Qe2 Bg5 22.
Bb2 Qf4 23. Bc3 Qh4 24. g3 Qh3 25. Qf3 Bb5 26. Bxb5+ axb5 27. Qe2 O-O 28. Qxb5 Qg4
29. Qe2 Qxe2 30. Rxe2 Rc8 31. Bd4 Be7 32. f4 Rc4 33. Rd2 b5 34. Kf2 f6 35. Ke3 Kf7
36. Kd3 g6 37. exf6 Bxf6 38. Bxf6 Kxf6 39. hxg6 Kxg6 40. Re2 Kf6 41. Rh2 Kg6 42.
Re2 Kf6 43. Rh2 Kg6  1/2-1/2

[Event "Hull 4NCL GM Norm Tournament"]
[Site "Canham Turner Centre"]
[Date "2022.10.14"]
[Round "5"]
[Board "3"]
[White "Czopor, Maciej"]
[Black "Willow, Jonah B"]
[Result "1-0"]
[WhiteElo "2424"]
[BlackElo "2395"]
[PlyCount "0"]
[EventDate "2022.10.12"]
[EventRounds "9"]
[EventCountry "ENG"]

1. d4 Nf6 2. Nf3 e6 3. Bf4 c5 4. e3 cxd4 5. exd4 b6 6. h3 Be7 7. c3 Bb7 8. Bd3 O-O
9. O-O d6 10. Nbd2 Nbd7 11. Bh2 Re8 12. Re1 Bf8 13. a4 a6 14. Nc4 Qc7 15. Nfd2 e5
16. dxe5 dxe5 17. Bf1 Rad8 18. Qc2 g6 19. Re2 Bd5 20. Ne3 Bc6 21. Ree1 Nc5 22. Nec4
Ncd7 23. Ne3 Bb7 24. Rad1 Bh6 25. Ndc4 Re6 26. Ng4 Nxg4 27. hxg4 Rde8 28. b4 Bc6
29. Ne3 Bxe3 30. Rxe3 Nf6 31. f3 b5 32. axb5 axb5 33. Bg3 Nd5 34. Ree1 Nb6 35. Qf2
Qb7 36. g5 Nc4 37. Ra1 e4 38. fxe4 Rxe4 39. Rxe4 Bxe4 40. Ra7 Qd5 41. Qf6 Bf5 42.
Bf2 Qe6 43. Bd4 Qxf6 44. gxf6 Be4 45. Kf2 Ra8 46. Rc7 Bd5 47. Rc5 Ra2+ 48. Kg3 Be6
49. Rxb5 h5 50. Rb8+ Kh7 51. Re8 Nd6 52. Rd8 Nf5+ 53. Kh2 Rd2 54. b5 Ne3 55. Bxe3
Rxd8 56. b6 Rd1 57. Be2 Rb1 58. Bf3 Bc4 59. Bc5 Ba6 60. Bb4 Rf1 61. b7 Bxb7 62. Bxb7
Rxf6 63. Bd5 Rf4 64. Bd6 Rf2 65. c4 Rd2 66. Bf4 Rc2 67. Be3 f5 68. Bg5 Rc3 69. Be7
Rd3 70. Bf3 Re3 71. Bf6 Re6 72. Bg5 Re5 73. Kg3 Kg7 74. Kf4 Ra5 75. Bd5 Kf8 76. Ke5
Ke8 77. Kd6 Ra6+ 78. Kc7 Ra5 79. Kd6 Ra6+ 80. Bc6+ Kf7 81. c5 f4 82. Kd5 Ra2 83.
Ke5 Re2+ 84. Kxf4 Ke6 85. Be4 Rf2+ 86. Kg3 Re2 87. Kf4 Rf2+ 88. Bf3 Rc2 89. c6 Rc4+
90. Be4 Kd6 91. Bd8 Rc5 92. c7 g5+ 93. Ke3 Ke5 94. Bb7 Rc3+ 95. Kf2  1-0

[Event "Hull 4NCL GM Norm Tournament"]
[Site "Canham Turner Centre"]
[Date "2022.10.14"]
[Round "5"]
[Board "4"]
[White "Burg, Twan"]
[Black "Harvey, Marcus R"]
[Result "0-1"]
[WhiteElo "2511"]
[BlackElo "2463"]
[PlyCount "0"]
[EventDate "2022.10.12"]
[EventRounds "9"]
[EventCountry "ENG"]

1. e4 c6 2. Nf3 d5 3. Nc3 dxe4 4. Nxe4 Nf6 5. Qe2 Nxe4 6. Qxe4 Qd5 7. Qh4 Qd6 8.
d4 Bf5 9. c3 Nd7 10. Bc4 Qg6 11. O-O Qg4 12. Re1 h6 13. Qg3 Qxg3 14. hxg3 e6 15.
a4 Be7 16. b4 O-O 17. Bf1 a5 18. b5 Rfc8 19. bxc6 bxc6 20. Ra2 Nb6 21. Ne5 Nd5 22.
Bd2 c5 23. dxc5 Bxc5 24. Rb2 Rc7 25. g4 Bh7 26. Rb5 Be7 27. c4 Nb4 28. Be3 Nc2 29.
Bb6 Rcc8 30. Rd1 Bb4 31. c5 Na3 32. c6 Bc2 33. Rd4 Bxa4 34. Rbxb4 axb4 35. c7 b3
36. Nd3 Bb5 37. Rb4 Ra6 38. Rd4 Kh7 39. Rd8 Raa8 40. g3 Nc4 41. Bg2 Ra1+  0-1

[Event "Hull 4NCL GM Norm Tournament"]
[Site "Canham Turner Centre"]
[Date "2022.10.14"]
[Round "5"]
[Board "5"]
[White "Royal, Shreyas"]
[Black "Turner, Matthew J"]
[Result "1/2-1/2"]
[WhiteElo "2431"]
[BlackElo "2461"]
[PlyCount "0"]
[EventDate "2022.10.12"]
[EventRounds "9"]
[EventCountry "ENG"]

1. d4 Nf6 2. c4 e6 3. Nf3 d5 4. g3 dxc4 5. Bg2 c5 6. O-O Nc6 7. Qa4 Bd7 8. Qxc4 cxd4
9. Nxd4 Rc8 10. Nc3 Nxd4 11. Qxd4 Bc5 12. Qh4 O-O 13. Bxb7 Rb8 14. Bf3 Rb4 15. Qg5
Bd4 16. Qd2 Qc7 17. Qd3 Be5 18. Rd1 h6 19. Be3 Rxb2 20. Rac1 Qa5 21. Bd4 Bxd4 22.
Qxd4 e5 23. Qd6 Be6 24. Nd5 Nxd5 25. Bxd5 Rd8 26. Qxe5 Rb5 27. e4 Bxd5  1/2-1/2

[ePGN "0.1;DGT LiveChess/2.2.5"]